| 000 | 01460cam a22003375a 4500 | ||
|---|---|---|---|
| 001 | 16780386 | ||
| 005 | 20150812131334.0 | ||
| 008 | 110516t2011 enka frb 001 0 eng d | ||
| 020 | _a9780857296665 (hdbk. : acidfree paper) | ||
| 020 | _a0857296663 (hdbk. : acidfree paper) | ||
| 020 | _a9780857296672 | ||
| 020 | _a0857296671 | ||
| 040 |
_aYDXCP _beng _cYDXCP _dNUI _dBTCTA _dCDX _dDEBBG _dUKMGB _dMUU _dVRC _dDLC _dEG-ScBUE |
||
| 082 | 0 | 4 |
_a621.36780285 _bUNS _222 |
| 100 | 1 | _aUnsalan, Cem. | |
| 245 | 1 | 0 |
_aMultispectral satellite image understanding : _bfrom land classification to building and road detection / _cCem Ünsalan, Kim L Boyer. |
| 260 |
_aLondon : _bSpringer, _cc.2011. |
||
| 300 |
_axvii, 185 p. : _bill. (some col.) ; _c24 cm. |
||
| 490 | 1 |
_aAdvances in computer vision and pattern recognition, _x2191-6586 |
|
| 500 | _aIndex : p. 183-185. | ||
| 504 | _aIncludes bibliographical references. | ||
| 505 | 0 | _aPt. 1. Sensors -- Pt. 2. The Multispectral information -- Pt. 3. Land use classification -- Pt. 4. Extracting residential regions -- Pt. 5. Building and road detection -- Pt. 6. Summarizing the overall system. | |
| 650 | 0 |
_aRemote-sensing images. _2BUEsh _923396 |
|
| 650 | 0 |
_aRemote sensing. _2BUEsh |
|
| 651 | _2BUEsh | ||
| 653 |
_bCOMSCI _cJune2015 _cAugust2015 |
||
| 655 |
_vreading book _934232 |
||
| 700 | 1 | _aBoyer, Kim L. | |
| 830 | 0 | _aAdvances in computer vision and pattern recognition. | |
| 942 |
_2ddc _k621.36780285 UNS |
||
| 999 |
_c19843 _d19815 |
||